[Event "SVK-chT2D 2324"]
[Site "Slovakia"]
[Date "2024.01.14"]
[Round "7.6"]
[White "Slatkovsky, Andrej"]
[Black "Petko, Peter"]
[Result "1/2-1/2"]
[WhiteElo "2011"]
[BlackElo "1824"]
[PlyCount "86"]
[EventDate "2023.10.07"]
[EventType "team-tourn"]
[EventRounds "11"]
[EventCountry "SVK"]
[SourceTitle "EXT 2025"]
[Source "ChessBase"]
[SourceDate "2024.10.14"]
[SourceVersion "1"]
[SourceVersionDate "2024.10.14"]
[SourceQuality "1"]
[WhiteTeam "Spisska Nova Ves"]
[BlackTeam "Gelnica Slovan"]
[WhiteTeamCountry "SVK"]
[BlackTeamCountry "SVK"]

1. e4 c5 2. Nf3 Nc6 3. d4 cxd4 4. Nxd4 e5 5. Nb5 d6 6. c4 Be7 7. N1c3 a6 8. Na3 Nf6 9. Be2 0-0 10. 0-0 Nd4 11. Nc2 Nxe2+ 12. Qxe2 Be6 13. Ne3 Rc8 14. Bd2 Re8 15. b3 h6 16. Rad1 Nh7 17. Ned5 Bf8 18. Be3 f5 19. exf5 Bxf5 20. Qf3 Be6 21. Ne4 Bxd5 22. Rxd5 Nf6 23. Rd2 Nxe4 24. Qxe4 Rc6 25. Rfd1 Qf6 26. f4 Re7 27. f5 Rf7 28. Rf2 Be7 29. Rf3 Bd8 30. Rdf1 Bb6 31. Bxb6 Rxb6 32. Rg3 Rc6 33. Rg6 Qd8 34. f6 Qb6+ 35. Kh1 Rcc7 36. Qd5 Kh7 37. Qe4 Kg8 38. Qf5 Qd4 39. h3 Qd2 40. Kh2 b5 41. Rf2 Qd4 42. Rg4 Qc5 43. Rf3 Qc6 1/2-1/2